| 000 | 00423nrm a22001574a 4500 | ||
|---|---|---|---|
| 999 |
_c208121 _d208121 |
||
| 003 | UPN | ||
| 005 | 20221020063422.0 | ||
| 008 | 210829s2020 mx |||| |||| 00| 0 spa d | ||
| 049 | _aCG | ||
| 050 | 0 | _aHM1226 | |
| 245 | 0 | 0 | _aÓpticas Lux 2021. |
| 260 |
_a[México] : _bÓpticas Lux, _c[2020]. |
||
| 300 |
_a1 calendario de mesa (12 p.) : _bil. col. ; _c12 x 12 x 5.30 cm. |
||
| 650 | 2 |
_aPublicidad _95809 |
|
| 942 |
_2lcc _cISSUE |
||